000 01182nam a2200325 u 4500
001 000026290
003 DO-SdBNP
005 20260305073951.0
007 ta
008 090702s1995 dr r 000 0 spa d
040 _aDO-SdBNP
_bspa
_cBNPHU
082 4 _a324.272
_bN322r
_222
100 1 _aNavarro, Luisa
_911168
245 1 3 _aEl régimen de partidos en México, Centroamérica y Caribe /
_cLuisa Navarro.
260 _aSanto Domingo :
_bBuho,
_c1995
300 _a303 p ;
_c22cm.
500 _aIncluye referencias bibliográficas y notas al pie de las páginas
504 _aBibliografía: p. 289-303
590 _aInventariado, 2022/MFF
650 4 _aPartidos politicos
_zRepública Dominicana
_953315
650 4 _aParticipación política
_zCaribe (Región)
_982441
650 4 _aGeopolítica
_zCaribe (Región)
_953316
651 4 _aMéxico
_xPolítica y gobierno
_9539
651 4 _aEstados Unidos
_xRelaciones exteriores
_91498
651 0 _aCaribe (Región)
_xPolítica y gobierno
_987401
700 1 _aCanals, Jeannette
_eedición
_910203
700 1 _aMoya Pons, Frank,
_d1944-
_eeditor
_92095
910 _aValidado. Control de calidad MFF
942 _2ddc
_cLBS1
999 _c25782
_d25782